Word Ladder: Geography Endings Quiz Stats

 Plays Quiz Updated May 14, 2019

Score 0/15 Timer 05:00
2 Plays Today
Hint 4-Letter Word % Correct
Kipling's 'The Jungle ____'BOOK
98.4%
To observe with the eyesLOOK
97.8%
The Doors or Aerosmith, e.g.BAND
97.2%
Large seagoing vesselSHIP
96.6%
Character of Connery or CraigBOND
96.4%
A store in which to purchase thingsSHOP
96.3%
Attempt at a goal in soccer or hockeySHOT
96.1%
A pirate's take from a captured shipLOOT
96.1%
Hint 4-Letter Word % Correct
Chimney dustSOOT
96.1%
Front area of the lower legSHIN
95.9%
Follower of 'Ire,' 'Switzer,' or 'Ice'♦LAND♦
95.8%
Follower of 'Turkmeni,' 'Kazakh,' or 'Kyrgyz'♦STAN♦
94.4%
To hit your head hardBONK
94.1%
To rudely avoid or ignoreSHUN
92.7%
'Set your phasers on ___ 'STUN
90.3%

Today's Daily Dose

You're not logged in!

Compare scores with friends on all Sporcle quizzes.
OR
Log In

Show Comments

Extras

Top Quizzes Today


Score Distribution

Your Account Isn't Verified!

In order to create a playlist on Sporcle, you need to verify the email address you used during registration. Go to your Sporcle Settings to finish the process.

Report this User

Report this user for behavior that violates our Community Guidelines.

Details: